MCQ'S IN BIOCHEMISTRY (Record no. 1116)
[ view plain ]
| 000 -LEADER | |
|---|---|
| fixed length control field | 00261nam a2200121Ia 4500 |
| 082 ## - DEWEY DECIMAL CLASSIFICATION NUMBER | |
| Classification number | 612.015 |
| Item number | M08S |
| 100 ## - MAIN ENTRY--PERSONAL NAME | |
| Personal name | SHARMA, D.C. |
| 245 ## - TITLE STATEMENT | |
| Title | MCQ'S IN BIOCHEMISTRY |
| 250 ## - EDITION STATEMENT | |
| Edition statement | 1ST |
| 260 ## - PUBLICATION, DISTRIBUTION, ETC. (IMPRINT) | |
| Name of publisher, distributor, etc | AITBS |
| Place of publication, distribution, etc | DELHI |
| Year of Publication | 2008 |
| 650 ## - SUBJECT ADDED ENTRY--TOPICAL TERM | |
| Topical term or geographic name as entry element | BIOCHEMISTRY |
| 942 ## - ADDED ENTRY ELEMENTS (KOHA) | |
| Source of classification or shelving scheme | Dewey Decimal Classification |
| Koha item type | Books |
| 942 ## - ADDED ENTRY ELEMENTS (KOHA) | |
| -- | 3 |
| Withdrawn status | Lost status | Source of classification or shelving scheme | Damaged status | Not for loan | Collection code | Home library | Current library | Shelving location | Date acquired | Vendor Name | Cost, normal purchase price | SGTU | Bill Number | Total Checkouts | Full call number | Accession No. (Barcode) | Date last seen | Date last borrowed | Bill Date | Koha item type | Total Renewals |
|---|---|---|---|---|---|---|---|---|---|---|---|---|---|---|---|---|---|---|---|---|---|
| Dewey Decimal Classification | MEDICAL | SGT Medical Library | SGT Medical Library | Text Book | 21/12/2010 | U.B.S. DELHI | 150.00 | SGTU | 726 | 5 | 612.015 M08S | FM4315 | 02/07/2021 | 29/06/2021 | 21/12/2010 | Books | |||||
| Dewey Decimal Classification | MEDICAL | SGT Medical Library | SGT Medical Library | Text Book | 21/12/2010 | U.B.S. DELHI | 150.00 | SGTU | 726 | 6 | 612.015 M08S | FM4316 | 18/03/2026 | 26/02/2026 | 21/12/2010 | Books | |||||
| Dewey Decimal Classification | MEDICAL | SGT Medical Library | SGT Medical Library | Text Book | 21/12/2010 | U.B.S. DELHI | 150.00 | SGTU | 726 | 5 | 612.015 M08S | FM4317 | 11/04/2025 | 10/03/2025 | 21/12/2010 | Books | 1 |